| 000 | 00734nam a2200181 i 4500 | ||
|---|---|---|---|
| 001 | bgj | ||
| 245 | 0 | 0 |
_aWebster's new collegiate dictionary / _cHenry Bosley Woolf, editor in chief. |
| 260 |
_aSpringfield, Ma : _bG. & C. Merriam Company, _cc. 1973. |
||
| 300 |
_a32a, 1536 pp. : _bill. ; _c26 cm. |
||
| 501 | _aEditions for 1898-1948 have titile: Webster's collegiate dictionary; 1949-61 and 1973 editions have title: Webster's new collegiate dictionary; 1963-72 editions have title: Webster's seventh new collegiate dictionary. | ||
| 650 | 9 | _aEnglish language | |
| 655 | _aDictionaries | ||
| 700 | 1 |
_aWOOLF, Henry Bosley. _eeditor |
|
| 040 | _cBPK | ||
| 041 | 0 | _aeng | |
| 942 | _cKS | ||
| 008 | s uk f |000 0 eng | ||
| 999 |
_c47435 _d47435 |
||